LEADER 01285nam a2200289 i 4500 001 000000068852 003 CaOOAMICUS 005 20250620152458.0 008 100811s1959 it u000 u ita u 013 $a40024 040 $aSeMil$bita 100 1 $aBloch, Marc,$d<1886-1944>.$0(OLS)http://semarc/name/1643 245 10$aLavoro e tecnica nel medioevo /$cMarc Bloch ; prefazione di Gino Luzzatto ; [trad. di Giuliano Procacci]. 260 $aBari :$bLaterza,$c1959. 300 $aXXIV, 244 p. ;$c21 cm. 490 0 $aBiblioteca di cultura moderna ;$v530 650 4$aMedioevo - Lavoro.$0(OLS)http://semarc/subject/57929 650 4$aCiviltà medievale.$0(OLS)http://semarc/subject/56192 650 4$aMedioevo - Tecniche.$0(OLS)http://semarc/subject/23870 700 1 $aProcacci, Giuliano,$d<1926-2008>.$0(OLS)http://semarc/name/6528 700 1 $aLuzzatto, Gino.$0(OLS)http://semarc/name/4924 830 0$aBiblioteca di cultura moderna ;$v530.$0(OLS)http://semarc/title/639 850 $aSeMil 852 $aSeMil$W1$xVenegono$y1$m3T I 90$j258720$B35005$CSeMilBibl$Z2$F35008 $81 996 $6245$aLavoro e tecnica nel medioevo$9(OLS)http://semarc/title/110096 996 $6260$aBari :$bLaterza$9(OLS)http://semarc/publisher/29858 LEADER 01293nam a2200205 i 4500 001 000000052199 003 CaOOAMICUS 005 20231006081228.0 008 121113s1759 fr u000 u lat u 026 $aseeu s.s. t.4. siPa (3) 1759 (R) 040 $aSeMil$bita 245 00$aCorpus iuris canonici tomus primus continens decreti Gratiani ad veteres codices restitum & notis illustratum cui accedunt canones poenitentiales & canones Sanctorum Apostolorum. 300 $a[58] c., 1280 col. 500 $aFront. stampato in rosso e nero 500 $aSegn.: a? b-o? A-4L? 773 0 $aChiesa Cattolica$tCorpus iuris canonici academicum, emendatum & notis P. Lancellotti illustratum, in suos tomos distributum, usuique moderno ad modum Christoph. Henr. Freiesleben, alias Ferromontani, ...Accesserunt loci communes uberrimi et indices titulorum ..$dLugduni : Expensis Gasparis Girardi veneti, 1759-1760.$g1$w()27655 850 $aSeMil 852 $aSeMil$W1$xVenegono$y1$m2G IV 59 FA$j18354$B18354$CSeMilBibl$Z2$F18355 $8I 996 $6245$aCorpus iuris canonici tomus primus continens decreti Gratiani ad veteres codices restitum & notis illustratum cui accedunt canones poenitentiales & canones Sanctorum Apostolorum$9(OLS)http://semarc/title/80061